| 000 | 00549nam a2200193Ia 4500 | ||
|---|---|---|---|
| 008 | 151119s9999||||xx |||||||||||||| ||und|| | ||
| 082 | _a891.463गोडबो/शँकी | ||
| 082 | _bGKKV32853 | ||
| 100 | _aगोडबोले अशोक | ||
| 245 | _aशँकी | ||
| 260 | _aपुणे | ||
| 260 | _bनवल प्रकाशन | ||
| 260 | _c2013 | ||
| 600 | _aगोडबोले अशोक | ||
| 630 | _aशँकी | ||
| 700 | _aगोडबोले अशोक | ||
| 730 | _aशँकी | ||
| 942 | _cBOOK | ||
| 999 |
_c1085154 _d1085151 |
||